000 00460nam a2200169Ia 4500
003 GCL
008 140319s9999 xx 000 0 ara d
040 _aGCL /
_cGCL
082 0 4 _a813.03
_bح ث
100 1 _aحنا مينة
245 1 0 _aالثلج يأتى من النافذة (رواية) /
_cحنا مينة
300 _a372 ص
490 _aكتاب
_v0
650 0 4 _aالادب العربى
650 0 4 _aالقصص العربية
942 _2ddc
_cBK
999 _c42494
_d42494